Loading...
| Science - Other Science | 0 | 2 | 0 | 0 | 20 | 55 | 82.00 | 0 | 1 |
| Fine Arts - Other Fine Arts | 0 | 1 | 0 | 0 | 10 | 122 | 122.00 | 0 | 1 |
| Geography/Current Events | 0 | 1 | 0 | 0 | 10 | 94 | 94.00 | 0 | 0 |
| History - American History | 0 | 2 | 2 | 0 | 10 | 83 | 106.00 | 0 | 0 |
| History - Other History | 0 | 1 | 0 | 0 | 10 | 87 | 87.00 | 0 | 0 |
| Literature - American Literature | 0 | 1 | 0 | 0 | 10 | 150 | 150.00 | 0 | 0 |
| Literature - British Literature | 0 | 1 | 0 | 1 | 10 | 141 | 141.00 | 0 | 0 |
| Social Science | 0 | 1 | 0 | 0 | 10 | 110 | 110.00 | 0 | 0 |
| Science - Biology | 0 | 1 | 0 | 0 | 10 | 98 | 98.00 | 0 | 0 |
| Fine Arts - Classical Music | 0 | 1 | 0 | 1 | 10 | 131 | 131.00 | 0 | 0 |
| Religion | 0 | 1 | 1 | 0 | 5 | 129 | 129.00 | 0 | 0 |
| History - World History | 0 | 0 | 1 | 0 | -5 | 0.00 | 0 | 0 |